แสดงรายละเอียดบรรณานุกรม
  กลับหน้าหลัก

Brief Record : Get Marc (ISO 2709) : E-mail record : QR code ปิดหน้าต่าง
E-books : เกี่ยวกับ Collections
LEADER 00000nam 2200000uu 4500
001    208323
003     ULIBM
008    121022s2555||||th 000 0 tha d
020    ^a9786169067153
040    ^abcnkk
060  4 ^aWX218^bว712 2555
100 0  ^aวิโรจน์ ไววานิชกิจ
245 10 ^aการแปลผลและจัดการค่าวิกฤติทางห้องปฏิบัติการทางเวชบำบัดวิกฤตหลักการตรวจทางห้องปฏิบัติการสำหรับพยาบาล แพทย์และบุคลากรทางแพทย์ /^c[ผู้นิพนธ์] วิโรจน์ ไววานิชกิจ
250    ^aพิมพ์ครั้งแรก
260    ^aกรุงเทพฯ :^bLove Me Love My Books,^c2555
300    ^a112 หน้า :^bภาพประกอบ
650  4 ^aการดูแลขั้นวิกฤต
650  4 ^aผู้ป่วยหนัก^xการดูแล
650  4 ^aผู้ป่วยหนัก^xการวินิจฉัยโรคทางห้องปฏิบัติการ
999    ^aใช้งานได้ทุกระบบ
รายการนี้ยังไม่มีแท็ก
คุณยังไม่ได้ล็อกอิน คุณสามารถมีกิจกรรมร่วมกับเว็บไซต์ได้ แต่ต้องล็อกอินก่อน ::
  ล็อกอิน
ลำดับที่ ประเภท เลขเรียก สถานที่ สถานะ
1. หนังสือทั่วไป
หนังสือทั่วไป
สถานะ=หนังสือเก่า - บริการ ณ ห้องสมุด (ห้องเหลือง)
WX218 ว712 2555  
  
ห้องสมุด หอพักนักศึกษา (ห้องเหลือง) On Shelf
  ขอยืม
Note:ปีงบประมาณ 2555
2. หนังสือทั่วไป
หนังสือทั่วไป
สถานะ=หนังสือเก่า - บริการ ณ ห้องสมุด (ห้องเหลือง)
WX218 ว712 2555 ฉ.2 
  
ห้องสมุด หอพักนักศึกษา (ห้องเหลือง) On Shelf
  ขอยืม
Note:ปีงบประมาณ 2555
3. หนังสือทั่วไป
หนังสือทั่วไป
สถานะ=หนังสือเก่า - บริการ ณ ห้องสมุด (ห้องเหลือง)
WX218 ว712 2555 ฉ.5 
  
ห้องสมุด หอพักนักศึกษา (ห้องเหลือง) On Shelf
  ขอยืม
Note:ปีงบประมาณ 2555
   [แสดง 5/5 รายการ]

รายการใกล้เคียง
    ผู้แต่ง [วิโรจน์ ไววานิชกิจ]

    หัวเรื่อง [การดูแลขั้นวิกฤต]
    หัวเรื่อง [ผู้ป่วยหนัก การดูแล]

BibComment


ยังไม่เคยถูกคอมเมนท์

คอมเมนท์ทรัพยากรรายการนี้
  คอมเมนท์: การแปลผลและจัดกา..
Bib 208323

 
 
 

 Union Library Management : ULibM
Copyright 2026. All Rights Reserved.
скачать бесплатно без регистрации порно красивый секс HD Sex Hindi sex

xxx gou

xxxx

bfxxx

xxxwww

Секса Видео

xxxx

Секса Видео

detube

geilexxx

C99 Shell

worms shell

blod xxx video
Ebony Coed Rihanna Rimes Takes A Dick In Her Young Twat priyaa indian fuck anal and pusssy hardcore indian women xxx desi hardcore fucking part 1 bengalixxxcouple